000 00517nmm a2200169Ia 4500
008 251105s9999||||xx |||||||||||||||||und||
020 _a9789586487641
041 _aspa
100 _aCepeda Ulloa, Fernando
245 0 _aMesa de unidad nacional : ¿una vocación permanente?
264 _a[Bogotá, Colombia] :
_bEcoe Ediciones,
_c2012
300 _a158 páginas
490 _aCiencias humanas
650 _aPolitical Science (General)
856 _uhttps://public.digitaliapublishing.com/a/30001
942 _cCF
999 _c95376
_d95376